• 首页
  • 本馆介绍
  • 公告通知
  • 最新文献
  • 馆藏检索
  • 电子资源
  • 读者导购
  • 参考咨询
  • 我的图书馆
  • 登录
  • 详细信息显示
  • 放入我的书架
  • 预约/预借图书
  • 作者相关作品
  • 分类相关作品
  • 丛书相关作品
  • 出版社相关作品

书目信息

  • 表格格式
  • 工作单格式
  • 卡片格式
题名:
美国时装样板设计与制作教程
    
 
作者: 约瑟夫-阿姆斯特朗 著 ;裘海索 译
分册: 上  
出版信息: 北京   中国纺织出版社  2018
页数: 396页
开本: 28cm
丛书名: 国际服装丛书
单 册:
中图分类: TS941.2
科图分类:
主题词: 服装样板--Fu Zhuang Yang Ban--设计
电子资源:
ISBN: 978-7-5064-6069-9
000 01341nam 2200301 45
001 012001003513
005 20140102101853.0
010    @a978-7-5064-6069-9@dCNY59.80
099    @aCAL 012010190858
100    @a20100920d2010 em y0chiy50 ea
101 1  @achi@ceng
102    @aCN@b110000
105    @aac z 001yy
106    @ar
200 1  @a美国时装样板设计与制作教程@d= Patternmaking for fashion design@h上@f(美) 海伦·约瑟夫-阿姆斯特朗著@g裘海索译@Amei guo shi zhuang yang ban she ji yu zhi zuo jiao cheng
210    @a北京@c中国纺织出版社@d2018
215    @a396页@c图, 肖像@d28cm
225 2  @a国际服装丛书@AGuo Ji Fu Zhuang Cong Shu
305    @aPearson Education,Inc.授权 据原书第4版译出
330    @a本书内容分为四篇,第一篇阐述测量上衣、裙子和袖子尺寸的方法,原形样板制作的方法和有关样板制作的基本工具;第二篇讲授了有关样板制作的基本原则;第三篇介绍了邻子、高邻口、裙子以及袖子和袖子的组合等;第四篇介绍了纽扣和纽孔位置以及领口贴边、开衩和口袋等。
410  0 @12001@a国际服装丛书
500 10 @aPatternmaking for fashion design@mChinese
606    @a服装样板@AFu Zhuang Yang Ban@x设计
690    @aTS941.2@v4
701  1 @a约瑟夫-阿姆斯特朗@AYue Se Fu - A Mu Si Te Lang@g(Joseph-Armstrong, Helen)@4著
702  0 @a裘海索@AQiu Hai Suo@4译
801  0 @aCN@b北京卓展@c20191020
905    @b1211930-3@dTS941.2@e108@f4
    
    美国时装样板设计与制作教程= Patternmaking for fashion design.上/(美) 海伦·约瑟夫-阿姆斯特朗著/裘海索译.-北京:中国纺织出版社,2018
    396页:图, 肖像;28cm.-(国际服装丛书)
    
    
    ISBN 978-7-5064-6069-9:CNY59.80
    本书内容分为四篇,第一篇阐述测量上衣、裙子和袖子尺寸的方法,原形样板制作的方法和有关样板制作的基本工具;第二篇讲授了有关样板制作的基本原则;第三篇介绍了邻子、高邻口、裙子以及袖子和袖子的组合等;第四篇介绍了纽扣和纽孔位置以及领口贴边、开衩和口袋等。
●
相关链接 在E读中查询图书 在五车中查询图书 在当当中查询图书 在豆瓣中查询图书


正题名:美国时装样板设计与制作教程     索取号:TS941.2/108         预约/预借

序号 登录号 条形码 馆藏地/架位号 状态 备注
1 1211930   212119303   第二样本阅览室/ [索取号:TS941.2/108] 在馆    
2 1211931   212119312   第三借阅区/ [索取号:TS941.2/108] 在馆    
3 1211932   212119321   第三借阅区/ [索取号:TS941.2/108] 在馆    
4 1211933   212119330   第三借阅区/ [索取号:TS941.2/108] 在馆    
唐山师范学院图书馆 欢迎您!
大连网信软件有限公司© 版权所有